000 00273nam a22001217a 4500
008 170629b xxu||||| |||| 00| 0 eng d
041 _aeng
080 _a05
100 _a22
101 _aGJL
245 _aTHE STRUCTURE OF AMERICAN ENGLISH
_cFRANCIS,W,N
942 _2udc
_cBK
999 _c19449
_d19449